Least developed countries - newly defined.

Výbor OSN pre plánovanie rozvoja (CPD) vo svojej výročnej správe za rok 1991 prehodnotil a doplnil zoznam najmenej vyvinutých krajín. Komentár k hlavným zisteniam a odporúčaniam tejto správy.

Salvato in:
Dettagli Bibliografici
Autore principale: Simonis, U.E
Natura: Capitolo di libro
Lingua:inglese
Soggetti:
Tags: Aggiungi Tag
Nessun Tag, puoi essere il primo ad aggiungerne!!

MARC

LEADER 00000naa a2200000 4500
001 r006516
005 20221130103336.3
041 0 |a eng 
044 |a DE 
245 1 0 |a Least developed countries - newly defined.  |c U.E. Simonis 
520 |a Výbor OSN pre plánovanie rozvoja (CPD) vo svojej výročnej správe za rok 1991 prehodnotil a doplnil zoznam najmenej vyvinutých krajín. Komentár k hlavným zisteniam a odporúčaniam tejto správy. 
610 2 0 |a vývoj hospodársky 
610 2 0 |a krajiny rozvojové 
610 2 0 |a produkt domáci hrubý 
610 2 0 |a údaje štatistické 
100 1 |a Simonis, U.E.